Role zákaznického kapitálu při zvyšování výkonnosti podniků

Vymedzenie pojmu zákaznícky kapitál. Možnosti jeho merania. Overenie vplyvu zákazníckeho kapitálu na výkonnosť priemyselných podnikov v Českej republike.

Gespeichert in:
Bibliographische Detailangaben
1. Verfasser: Štamfestová, Petra
Format: Buchkapitel
Sprache:Tschechisch
Schlagworte:
Tags: Tag hinzufügen
Keine Tags, Fügen Sie das erste Tag hinzu!

MARC

LEADER 00000naa a2200000 4500
001 0205860
005 20231121094949.8
041 0 |a cze 
044 |a CZ 
245 1 0 |a Role zákaznického kapitálu při zvyšování výkonnosti podniků  |c Petra Štamfestová 
520 |a Vymedzenie pojmu zákaznícky kapitál. Možnosti jeho merania. Overenie vplyvu zákazníckeho kapitálu na výkonnosť priemyselných podnikov v Českej republike. 
610 2 0 |a Česko 
610 2 0 |a kapitál 
610 2 0 |a zákazníci 
610 2 0 |a meranie výkonnosti 
610 2 0 |a podnik priemyselný 
610 2 0 |a ukazovatele výkonnosti 
610 2 0 |a výkonnosť podniku 
100 1 |a Štamfestová, Petra